000 00611nam a22002057a 4500
003 BUBTL
008 170312b xxu||||| |||| 00| 0 eng d
020 _a3-87525-066-4
082 _a677IYC
100 _92033
_aIyer,Chandrasekhar
245 _aCircular Knitting :
_bTechnology Process Structures Yarns Quality/
260 _aGermany :
_bMeisenbach Gmbh,
_cc1992.
300 _axi,269 p. :
_bill. ;
_c21 cm.
650 0 _91107
_aTextile Engineering
700 _92034
_a Mammel,Bernd
700 _92035
_aSchach,Wolfgang
856 _k0
_l0
_yDownload
942 _2ddc
_cBK
999 _c5426
_d5426